A vendégélmény hozzájárulása a McDonald’s sikeres fejlődéséhez

Bibliográfiai részletek
Szerző: Kovács Levente
További közreműködők: Papp Judit
Dokumentumtípus: Projektmunka
Kulcsszavak:21. század
7P modell
clienting (ügyfélközpontú marketing)
étterem
globális marketing
marketingkommunikáció
vendéglátás
Online Access:http://dolgozattar.uni-bge.hu/59770

MARC

LEADER 00000nnm a2200000 i 4500
001 dolg59770
005 20260409145536.0
008 260409suuuu hu o 000 hun d
040 |a BGE Dolgozattár Repozitórium  |b hun 
041 |a hu 
100 1 |a Kovács Levente 
245 1 2 |a A vendégélmény hozzájárulása a McDonald’s sikeres fejlődéséhez  |c Kovács Levente  |h [elektronikus dokumentum] 
516 |a Project_work 
520 3 |a Dolgozatom középpontjában a vendégélmény jelentősége és fejlesztési lehetőségei állnak, különös tekintettel a gyorséttermi szektorra, ezen belül is a McDonald’s vállalatra. A dolgozat célja, hogy bemutassa, milyen szerepet játszik a vendégélmény a vállalat sikerében, hogyan alakítja a vásárlói hűséget, és miként segíti a versenyelőny megszerzését. Ezen túlmenően SWOT-elemzés segítségével feltárom a McDonald’s erősségeit, gyengeségeit, lehetőségeit és veszélyeit a mai dinamikusan változó piaci környezetben. A 7P segítségével részletesebben bemutatom az éttermi folyamatokat. Az elméleti háttér mellett saját tapasztalataimat is beépítem, hiszen diákként a vendéglátás területén dolgozva közvetlen betekintést nyertem abba, milyen tényezők határozzák meg a kiváló vendégélményt. Mindezzel célom, hogy átfogó képet adjak a témáról, és gyakorlati javaslatokat is megfogalmazzak a vendégélmény tudatos fejlesztésére. 
695 |a 21. század 
695 |a 7P modell 
695 |a clienting (ügyfélközpontú marketing) 
695 |a étterem 
695 |a globális marketing 
695 |a marketingkommunikáció 
695 |a vendéglátás 
700 1 |a Papp Judit  |e ths 
856 4 0 |u http://dolgozattar.uni-bge.hu/59770/1/Kov%C3%A1cs%20Levente%20Projektmunka%20%20K%C3%A9sz.pdf  |z Dokumentum-elérés 
856 4 0 |u http://dolgozattar.uni-bge.hu/59770/2/KOV%C3%81CS%20LEVENTE%20KM%20FOSZK%20b%C3%ADr%C3%A1lati%20lap%20%281%29.pdf  |z Dokumentum-elérés